=LDR 00000nam 2200000 4500 =001 INLIS000000000045981 =005 20150212132830.0 =006 =007 =008 =020 ##$$a 979-1709-56-4 =035 ##$$0010-021500000000541 =040 ##$$a NBPDMAT =082 ##$$a 111 =090 ##$$a 111 $b Dia u =100 ##$$a Diah Erna Nova Dewi =245 ##$$a Unik tapi Nyata Tahukah Kamu ? $c Penulis Diah Erna Nova Dewi; Penyunting Tenny Pendanawati =250 ##$$a Cet.1 =260 ##$$a Yogyakarta $b Bangkit $c 2011 =300 ##$$a viii, 96 hlm. ; $c 17 cm. =650 ##$$a Kenyataan =700 ##$$a Tenny Pendawati =850 ##$$a NBPDMAT